Food sanitation law

Gardado en:
Detalles Bibliográficos
Autor Corporativo: Japan Food Hygiene Association (Author)
Formato: Libro
Idioma:inglés
Publicado: Tokio Japan Food Hygiene Association 1988
Subjects:
Tags: Engadir etiqueta
Sen Etiquetas, Sexa o primeiro en etiquetar este rexistro!

MARC

LEADER 00000nam a2200000 a 4500
001 UCR5363
003 CL-VaPUC
008 980327e19880000JA |||||||||||||||||eng|d
082 0 4 |a 664.024  |b JAP  |2 21 
110 2 |a Japan Food Hygiene Association  |e author  |9 406217 
245 1 0 |a Food sanitation law 
246 1 4 |a The cabinet order for the enforcement of food sanitation law 
246 1 4 |a The enforcement regulation of food sanitation law 
300 |a 131 p 
942 |c BK 
945 |d 19980327 00:00:00  |a crobeson 
260 |a Tokio  |b Japan Food Hygiene Association  |c 1988 
650 7 |a HIGIENE DE ALIMENTOS  |2 CL-VaPUC  |9 259708 
650 0 |a Leyes  |9 256670 
650 0 |a Control de calidad   |9 259714 
650 7 |a CONTAMINANTES  |2 CL-VaPUC  |9 259641 
651 0 |a Japón   |9 260391 
583 |a last modification  |c 19980327 00:00:00  |k Rodrigo Vera 
999 |c 267972  |d 267970 
952 |0 0  |1 0  |4 0  |6 664_024000000000000_JAP_1988  |7 0  |8 A  |9 300822  |a BIBALI  |b BIBALI  |c GEN  |d 2019-11-20  |i 1973665  |o 664.024 JAP 1988  |p 1973665  |r 2025-01-20  |w 2019-11-20  |y BK  |k ALI